00453nam a2200121Ia 4500008004100000024006400041082001600105100008300121245004200204260002600246600002100272650003800293260210s9999 xx 000 0 und d a01B-04-BCSY, 01B-21-BCSY, 01B-29-BCSY & 01B-42-BCSY a005.072 MUH aMuhammad Kashif, Fahad Ahmed Khan, Hammad Ali Khan & Shariq Raees Siddiqui 0aWeb Based Academic Information System aKarachi:bUITU,c2001 aComputer Science aBachelor of Computer Science (BS)